00313nam a2200121Ia 4500008004100000041000800041082001200049100002100061245002800082260004400110300003000154365000700184240624s9999 xx 000 0 und d aeng a337 SAW aSAWYER W CHARLES aINTERNATIONAL ECONOMICS c2004aNew DelhibPrentice-Hall of India axix, : 444 : p. : cm ; 26 cRS